000 01852nam0a2200313 4500
001 RU\NLR\bibl\1651531
005 20250616033548.0
021 _aRU
_b2010-40185
_92689
035 _a(NLR Aleph) 001642850
090 _a872959
_c872959
100 _a20100701d2009 |||y0rusy50 ca
101 0 _arus
102 _aRU
105 _aa |||||||||
200 1 _aПринтеры и плоттеры. Принципы функционирования и управления
_eучебное пособие для студентов специальности "Вычислительные машины, комплексы, системы и сети" и направления "Информатика и вычислительная техника" по дисциплинам "Периферийные устройства", "Интерфейсы периферийных устройств"
_fЕ.С. Богодистова
_gМоск. гос. ун-т путей сообщ. (МИИТ), Ин-т упр. и информ. технологий, Каф. "Вычисл. системы и сети"
210 _aМосква
_cМИИТ
_d2009
215 _a320 с.
_cил.
_d21
320 _aБиблиогр.: с. 314-315 (14 назв.)
606 1 _aПринтеры
_jУчебные издания для высших учебных заведений
_92161084
_3RU\NLR\auth\661300582
606 1 _aГрафопостроители
_jУчебные издания для высших учебных заведений
_91040572
_3RU\NLR\auth\66400634
686 _aЗ973.2-044.4я73-1
686 _aЗ973.2-044.7я73-1
700 1 _aБогодистова
_bЕ. С.
_gЕлена Сергеевна
_4070
801 0 _aRU
_bNLR
_c20100701
_gRCR
801 1 _aRU
_bNLR
_c20100701
830 _aавт. по кн.
942 _cBOOK
980 _aNB